| 000 | 01151cam a22003857a 4500 | ||
|---|---|---|---|
| 003 | CHAP | ||
| 005 | 20240523134302.0 | ||
| 008 | 051205d2005 it rn 00110 eng d | ||
| 010 | _a91501 | ||
| 011 | _a92473 | ||
| 020 | _a9251052891 | ||
| 035 | _a103037 | ||
| 040 | _cCHAP | ||
| 082 | 0 | 4 |
_a639.2 _bF3y v.470 |
| 110 | 2 | _aFAO | |
| 245 | 1 | 0 |
_aDiscards in the world's marine fisheries : _ban update _c/by Kieran Kelleher |
| 260 |
_aRome : _bFAO, _c2005. |
||
| 300 |
_a131 p. : _b+ 1 disco compacto 4 3/4 plgs. |
||
| 410 | 2 | 0 | _aFAO |
| 490 | 0 |
_aDocumento técnico de pesca _v; 470 |
|
| 590 |
_aBATCH-UPD _b10 _c20130110 |
||
| 590 |
_aBATCH-UPD _b10 _c20130410 |
||
| 590 |
_aBATCH-UPD _b10 _c20130914 |
||
| 590 |
_aCONVERSION _b10 _c20130109 |
||
| 650 | 1 | 4 | _aPesca. |
| 650 | 1 | 4 |
_aProductos pesqueros. _992201 |
| 700 | 0 |
_aKelleher, Kieran. _962919 |
|
| 810 | 0 | _aFAO | |
| 830 | 0 | 0 |
_aDocumento técnico de pesca _v; 470 _933242 |
| 901 | _aBK | ||
| 905 | _aLilia | ||
| 942 |
_cCD _2ddc |
||
| 949 |
_a639.2 F3 v.470 _bBC _cFAO _d33724000970083 _eFAO1 _gD _h107576 _i103037 _sb |
||
| 949 |
_a639.2 F3 v.470 _bBC _cFAO _d33724002025801 _eCD _fCD _gD _i103037 _sb |
||
| 999 |
_c91501 _d91501 |
||